Guía para la gestión ambiental regional y local : (Registro nro. 5228)

Detalles MARC
000 -CABECERA
Campo de control 01088cam a2200265 u 4500
005 - FECHA Y HORA DE LA ULTIMA TRANSACCION
Campo de control 20160506095955.0
008 - ELEMENTOS DE LONGITUD FIJA—INFORMACION GENERAL
Campo de control 991126s1998 ck a r 00010 spa d
040 ## - FUENTE DE CATALOGACIÓN
Agencia catalogadora original la
Agencia transcriptora la
Agencia Modificadora CO-BoIAVH
041 0# - IDIOMA
Código de idioma para texto/pista de sonido o título separado Español
044 ## - PAÍS DE PUBLICACIÓN
País de publicación Colombia
082 04 - NUMERO DE CLASIFICACION DECIMAL DEWEY
Número de clasificación 333.72
Número del ítem G94a
100 1# - ASIENTO PRINCIPAL--NOMBRE PERSONAL
Nombre personal Guhl Nannetti, Ernesto.
Término relacionado autor
9 (RLIN) 6504
245 10 - MENCION DE TITULO
Título Guía para la gestión ambiental regional y local :
Parte restante del título el qué, el quién, y el cómo de la gestión ambiental /
Mención de responsabilidad Ernesto Guhl Nannetti [y otros 4]
260 ## - PUBLICACION, DISTRIBUCION, ETC. (PIE DE IMPRENTA)
Lugar de publicación, distribución, etc. Santa Fe de Bogotá :
Nombre del editor, distribuidor, etc. Fonade,
Fecha de publicación, distribución, etc. 1998.
300 ## - DESCRIPCION FISICA
Extensión 287 páginas :
Otros detalles físicos ilustraciones ;
Dimensiones 22 x 16 centímetros
504 ## - NOTA DE BIBLIOGRAFIA, ETC.
Nota de bibliografía Incluye referencias bibliográficas.
650 16 - ASIENTO SECUNDARIO DE MATERIA - TERMINO TEMATICO
Término temático o nombre geográfico como elemento de entrada Control ambiental
Subdivisión geográfica Colombia
Subdivisión de forma Guías.
9 (RLIN) 67658
650 26 - ASIENTO SECUNDARIO DE MATERIA - TERMINO TEMATICO
Término temático o nombre geográfico como elemento de entrada Gestión ambiental
Subdivisión general Comunicación
Subdivisión geográfica Colombia.
9 (RLIN) 67659
650 26 - ASIENTO SECUNDARIO DE MATERIA - TERMINO TEMATICO
Término temático o nombre geográfico como elemento de entrada Gestión ambiental
Subdivisión general Aspectos económciso
Subdivisión geográfica Colombia.
9 (RLIN) 67660
700 1# - ASIENTO SECUNDARIO - NOMBRE PERSONAL
Nombre personal Wills Herrera, Eduardo
Término de relación autor
9 (RLIN) 22738
700 1# - ASIENTO SECUNDARIO - NOMBRE PERSONAL
Nombre personal Macías Gómez, Luis Fernando
Término de relación autor
9 (RLIN) 4931
700 1# - ASIENTO SECUNDARIO - NOMBRE PERSONAL
Nombre personal Boada Ortíz, Alejandro
Término de relación autor
9 (RLIN) 22043
700 1# - ASIENTO SECUNDARIO - NOMBRE PERSONAL
Nombre personal Capera Layton, Claudia
Término de relación autora
9 (RLIN) 22739
942 ## - ELEMENTOS ADICIONALES (KOHA)
Sistema de clasificación Dewey Decimal Classification
Tipo de ítem Libro
Existencias
Withdrawn status Lost status Sistema de Clasificación Damaged status No para préstamo Colección Inventariado Ubicación Permanente Ubicación actual Fecha de adquisición Valor Total Checkouts Número topográfico Inventario / Código de Barras Date last seen Ejemplar Price effective from Forma de adquisición Tipo de material
    Dewey Decimal Classification     General Inventariado 2017 Bogotá Bogotá 08/02/2006 39000.00   LB-333.72 G94a 023084 04/12/2012 Ej. 1 04/12/2012 Donación Libro